|
|
|
|
| LEADER |
00000cam a2200000 i 4500 |
| 001 |
1/19984 |
| 008 |
120530s1967 gre d |
| 035 |
|
|
|l 10112624
|
| 040 |
|
|
|a GR-MY-UA
|b gre
|e aacr
|
| 041 |
0 |
|
|a gre
|
| 082 |
0 |
|
|a 338.1
|2 (22)
|
| 100 |
1 |
|
|a Παπαγεωργίου, Ευθύμιος,
|d 1912-
|
| 245 |
1 |
0 |
|a Αγροτική οικονομία :
|b οινονομική αγροτικών εκμεταλλεύσεων /
|c Ευθύμιου Παπαγεωργίου
|
| 260 |
|
|
|a Θεσσαλονίκη :
|b [χ.ό],
|c 1967
|
| 300 |
|
|
|a 563 σ.;
|b σχέδια, πιν.;
|c 25 εκ.
|
| 504 |
|
|
|a Βιβλιογραφία: σ.553
|
| 650 |
0 |
0 |
|a Agriculture
|x Economic aspects.
|
| 852 |
|
|
|a INST
|b SAMOS
|e 20120530
|h 338.1 ΠΑΠ
|p 005300033755
|q 005300033755
|t BK
|y 0
|
| 901 |
|
|
|a BIBL3-2012-2
|
| 909 |
|
|
|a Σ
|b 172305
|
| 970 |
|
|
|a ΚΟΣΙΕΡΗΣ
|b ΧΡΗΣΤΟΣ
|z 2012/05/30
|